Подробности
| 000 -МАРКЕР |
| контрольное поле |
01477nem0a2200313 4500 |
| 001 - ИДЕНТИФИКАТОР ЗАПИСИ |
| контрольное поле |
RU\NLR\BIBL_A\011981275 |
| 005 - ИДЕНТИФИКАТОР ВЕРСИИ |
| контрольное поле |
20250626162804.0 |
| 010 ## - МЕЖДУНАРОДНЫЙ СТАНДАРТНЫЙ НОМЕР КНИГИ (ISBN) |
| Номер (ISBN) |
978-5-98008-157-7 |
| Цена |
3 000 экз. |
| 021 ## - НОМЕР ГОСУДАРСТВЕННОЙ РЕГИСТРАЦИИ |
| Код страны |
российская федерация |
| Номер |
КА-П-19-000007 |
| 035 ## - ДРУГИЕ СИСТЕМНЫЕ НОМЕРА |
| Идентификатор записи |
(NLR Aleph) 011981275 |
| 100 ## - ДАННЫЕ ОБЩЕЙ ОБРАБОТКИ |
| Данные общей обработки |
20190404d2018 |||y0rusy50 ca |
| 101 0# - ЯЗЫК РЕСУРСА |
| Язык текста, звукозаписи и т.д. |
русский |
| 102 ## - СТРАНА ПУБЛИКАЦИИ ИЛИ ПРОИЗВОДСТВА |
| Страна публикации |
российская федерация |
| 120 ## - ПОЛЕ КОДИРОВАННЫХ ДАННЫХ: КАРТОГРАФИЧЕСКИЕ МАТЕРИАЛЫ - ОБЩИЕ ХАРАКТЕРИСТИКИ |
| Кодированные данные о картографическом материале (общие) |
byy xx|| |
| 123 3# - ПОЛЕ КОДИРОВАННЫХ ДАННЫХ: КАРТОГРАФИЧЕСКИЕ МАТЕРИАЛЫ - МАСШТАБ И КООРДИНАТЫ |
| Тип масштаба |
a |
| Постоянное отношение линейного горизонтального масштаба |
6000000 |
| -- |
10000000 |
| 200 1# - ЗАГЛАВИЕ И СВЕДЕНИЯ ОБ ОТВЕТСТВЕННОСТИ |
| Основное заглавие |
Камчатский край. |
| Общее обозначение материала |
Карты |
| Сведения, относящиеся к заглавию |
Атлас. Люби и знай свой край |
| Первые сведения об ответственности |
Cост. и подгот к изд. ФГУП "Дальневосточное аэрогеодезическое предприятие" в 1995 г. |
| Последующие сведения об ответственности |
Ред.: М. М. Свидерский |
| 205 ## - СВЕДЕНИЯ ОБ ИЗДАНИИ |
| Сведения об издании |
4-е изд., обнов, испр. и доп. в 2012, 2015 и в 2018 гг. |
| 206 ## - ОБЛАСТЬ СПЕЦИФИЧЕСКИХ СВЕДЕНИЙ: КАРТОГРАФИЧЕСКИЕ МАТЕРИАЛЫ - МАТЕМАТИЧЕСКИЕ ДАННЫЕ |
| Сведения о математических данных |
М-бы разные |
| 210 ## - ПУБЛИКАЦИЯ, РАСПРОСТРАНЕНИЕ И ДР. |
| Место издания, распространения и т.д. |
Хабаровск |
| Имя издателя, распространителя и т. д. |
Дальневосточное аэрогеодезическое предприятие |
| Дата издания, распространения и т.д. |
2018 |
| 215 ## - ФИЗИЧЕСКАЯ ХАРАКТЕРИСТИКА |
| Специфическое обозначение материала и объем |
1 атл. (31 с.) |
| Другие сведения о физической характеристике |
цв., текст, указ., ил. |
| Размеры |
22 х 29 см |
| 509 01 - ЗАГОЛОВОК -СТРУКТУРИРОВАННОЕ ГЕОГРАФИЧЕСКОЕ ИЛИ ТЕМАТИЧЕСКОЕ НАИМЕНОВАНИЕ |
| Графика поля |
Кириллица |
| Географическое / тематическое наименование – начальный элемент ввода |
Камчатский |
| Географический термин |
край |
| Системный номер авторитетной/нормативной записи |
2634262 |
| Идентификатор авторитетной / нормативной записи |
RU\NLR\auth_crt\551090 |
| 607 ## - ГЕОГРАФИЧЕСКОЕ НАИМЕНОВАНИЕ КАК ПРЕДМЕТ |
| Географическое наименование |
Камчатский край |
| Формальный подзаголовок |
Атласы |
| Системный номер авторитетной/нормативной записи |
2581161 |
| Идентификатор авторитетной/нормативной записи |
RU\NLR\AUTH\661525876 |
| 608 ## - ФОРМА, ЖАНР, ФИЗИЧЕСКИЕ ХАРАКТЕРИСТИКИ ДОКУМЕНТА КАК ТОЧКА ДОСТУПА |
| Начальный элемент ввода |
Атласы комплексные |
| Системный номер авторитетной/нормативной записи |
1033366 |
| Идентификатор авторитетной/нормативной записи |
RU\NLR\AUTH\6678978 |
| 702 #1 - ИМЯ ЛИЦА - ВТОРИЧНАЯ ОТВЕТСТВЕННОСТЬ |
| Начальный элемент ввода |
Свидерский |
| Часть имени, кроме начального элемента ввода |
М. М. |
| Код отношения |
Редактор |
| 852 ## - МЕСТОНАХОЖДЕНИЕ И ШИФР ХРАНЕНИЯ |
| Идентификатор организации |
NLR |
| Наименование фонда или коллекции (Sub-Location Identifier) |
К |
| Шифр хранения (Call Number) |
4-ДВ 6/631 |
| Идентификатор единицы |
19-7 |
| 942 ## - ДОПОЛНИТЕЛЬНЫЕ ЭЛЕМЕНТЫ ЗАПИСИ (АБИС) |
| Тип экземпляра АБИС |
Карта |
| 980 ## - КОЛЛЕКЦИЯ |
| Название коллекции |
Национальная библиография |